Geography : K - Statistics

General Stats
  • This quiz has been taken 7 times
  • The average score is 43 of 439
Answer Stats
Hint Answer % Correct
Country north of the previous country Kazakhstan
100%
Gulf country Kuwait
86%
Capital of that country Kuwait City
86%
Capital of Afghanistan Kabul
71%
Country and mountain in East Africa Kenya
71%
Island country in the Pacific Kiribati
71%
Country east of Uzbekistan Kyrgyzstan
71%
Second tallest mountain in the world K2
57%
City in western Michigan Kalamazoo
57%
Capital of Uganda Kampala
57%
Second largest city in Nigeria Kano
57%
State in the central U.S. Kansas
57%
Second largest city in Missouri Kansas City
57%
Capital of Nepal Kathmandu
57%
State in the midwest Kentucky
57%
Capital city of Sudan Khartoum
57%
Capital of Rwanda Kigali
57%
Tallest mountain in Africa Kilimanjaro
57%
Capital of Jamaica Kingston
57%
Capital of St. Vincent and the Grenadines Kingstown
57%
Capital of the DRC Kinshasa
57%
Major city in eastern India Kolkata
57%
Historical capital of Japan Kyoto
57%
Largest desert in Botswana Kalahari
43%
City and oblast that is an exclave of Russia Kaliningrad
43%
Largest city in Uttar Pradesh Kanpur
43%
Second largest city in Taiwan Kaohsiung
43%
Largest city in Pakistan Karachi
43%
Disputed region between India, Pakistan and China Kashmir
43%
Another city in eastern Tennessee Knoxville
43%
City in Japan renowned for its beef Kobe
43%
Island in Alaska Kodiak
43%
German name for Cologne Koln
43%
Country and disputed territory in the Balkans Kosovo
43%
Second largest city proper in Poland Krakow
43%
Capital of Malaysia Kuala Lumpur
43%
Capital and oblast of Ukraine Kyiv
43%
Second most populated island in Japan Kyushu
43%
Second largest city in Afghanistan Kandahar
29%
Sea in northern Russia Kara
29%
Largest city in Silesia Katowice
29%
Island in Hawaii Kauai
29%
Major city in central Lithuania Kaunas
29%
Largest city in Tatarstan Kazan
29%
Another city in British Columbia Kelowna
29%
City in southern Wisconsin Kenosha
29%
City and oblast in eastern Ukraine Kharkiv
29%
Largest city and canal in Schleswig-Holstein Kiel
29%
Russian name for the city Kiev
29%
City in southern Ireland Kilkenny
29%
City in central Texas Killeen
29%
Largest city in the Northern Cape Kimberley
29%
City in Ontario Kingston
29%
City in eastern England Kingston upon Hull
29%
City and lake in central Florida Kissimmee
29%
Coastal Lithuanian city once called Memel Klaipeda
29%
Second largest city in Rhineland-Pfalz Koblenz
29%
Former name of the city Konigsberg
29%
Peninsula in Hong Kong Kowloon
29%
City and subdivision in central Siberia Krasnoyarsk
29%
Largest city in Yunnan Kunming
29%
Majority language spoken in the region Kurdish
29%
Semi-autonomous region in the Middle East Kurdistan
29%
Island chain claimed by Japan, controlled by Russia Kuril
29%
Town between Lusaka and Ndola Kabwe
14%
Another city in northern Nigeria Kaduna
14%
City in the southern part of the island Kagoshima
14%
City in Oahu Kailua
14%
City in southern Rhineland Kaiserslautern
14%
City in eastern Congo Kalemie
14%
Indonesian name for Borneo Kalimantan
14%
City and name of historical union in southern Sweden Kalmar
14%
Buddhist republic in southern Russia Kalmykia
14%
Peninsula and subdivision of Russia Kamchatka
14%
Another city in southeastern Congo Kamina
14%
City in British Columbia Kamloops
14%
Major city in southern Congo Kananga
14%
Island in South Australia Kangaroo
14%
City in eastern Guinea Kankan
14%
Majority language in that state Kannada
14%
Village in southern Botswana Kanye
14%
City in central Senegal Kaolack
14%
Another city in northern Turkey Karabuk
14%
Major city and province in that country Karaganda
14%
Largest desert in Turkmenistan Karakum
14%
Republic in northern Russia Karelia
14%
City in central Croatia Karlovac
14%
City in western Czechia Karlovy Vary
14%
City in southern Sweden Karlskrona
14%
City along the upper Rhine Karlsruhe
14%
City on the shores of lake Vanern Karlstad
14%
City in northeastern Zambia Kasama
14%
Largest city in northern Hesse Kassel
14%
City in northern Nigeria Katsina
14%
Second most populated city in this prefecture Kawasaki
14%
City in western Mali Kayes
14%
State in northwestern Nigeria Kebbi
14%
City in central Hungary Kecskemet
14%
City in southern Namibia Keetmanshoop
14%
Town in western Iceland Keflavik
14%
City opposite Strasbourg Kehl
14%
Mountain city in southern Germany Kempten
14%
City in southern Florida Kendall
14%
City in eastern Sierra Leone Kenema
14%
City east of this city Kenge
14%
City in upper Washington Kennewick
14%
State in southern India Kerala
14%
City in eastern Crimea Kerch
14%
City in southern Alaska Ketchikan
14%
Satellite city of said city Khartoum North
14%
City and oblast in southern Ukraine Kherson
14%
Valley and pass between Pakistan and Afghanistan Khyber
14%
Largest city in Holy Cross Kielce
14%
Town in southern Mauritania Kiffa
14%
City in western Congo Kikwit
14%
City along the upper Congo river Kindu
14%
Suburb of Philadelphia King of Prussia
14%
Town in Norfolk King's Lynn
14%
City in eastern Tennessee Kingsport
14%
Major city in northern Iraq Kirkuk
14%
Largest town in Orkney Kirkwall
14%
City in far-northern Sweden Kiruna
14%
Major city in the Congo basin Kisangani
14%
City in southern Guinea Kissidougou
14%
City on the northern tip of the island Kitakyushu
14%
Another city in Ontario Kitchener
14%
Largest city in Carinthia Klagenfurt
14%
City in southern Oregon Klamath Falls
14%
City in North West province Klerksdorp
14%
Province in western Turkey Kocaeli
14%
Largest city in that state Kochi
14%
City on the southern part of Shikoku Kochi
14%
Large city in inland Japan Kofu
14%
State in central Nigeria Kogi
14%
City in southern Denmark Kolding
14%
City in southeastern Congo Kolwezi
14%
German city and lake bordering Switzerland Konstanz
14%
Major city in southern Turkey Konya
14%
Coastal city in Slovenia Koper
14%
Peninsula in east Asia Korea
14%
City in northern Cote d'Ivoire Korhogo
14%
Largest city in Palau Koror
14%
Tallest mountain in Australia Kosciuszko
14%
Second largest city in Slovakia Kosice
14%
City in Cameroon next to N'djamena Kousseri
14%
City and subdivision in southern Russia Krasnodar
14%
City in the western Ruhr Krefeld
14%
City and site of a fierce battle in eastern Ukraine Kreminna
14%
Coastal city in southern Cameroon Kribi
14%
City in southern Norway Kristiansand
14%
Island and town in Croatia Krk
14%
Russian name for Crimea Krym
14%
City in central Angola Kuito
14%
City in the central part of the island Kumamoto
14%
City in northern North Macedonia Kumanovo
14%
Second largest city in Ghana Kumasi
14%
City in western Cameroon Kumba
14%
Large city in northern Afghanistan Kunduz
14%
City in central Finland Kuopio
14%
City and oblast in western Russia Kursk
14%
Third largest city in Georgia Kutaisi
14%
State in western Nigeria Kwara
14%
Region in southeastern South Africa KwaZulu-Natal
14%
Republic in the North Caucasus Kabardino-Balkaria
0%
State in northern Myanmar Kachin
0%
City in southern Andhra Pradesh Kadapa
0%
City in southern Sudan Kadugli
0%
City in southern Mauritania Kaedi
0%
North Korean city near the DMZ Kaesong
0%
Prefecture in Shikoku Kagawa
0%
City in southeastern Turkey Kahramanmaras
0%
City in eastern Henan Kaifeng
0%
Region in eastern Finland Kainuu
0%
City in the western Pearl River Delta Kaiping
0%
City in central Tunisia Kairouan
0%
City in northern New Zealand Kaitaia
0%
City in northern Haryana Kaithal
0%
City in that region Kajaani
0%
Region in eastern Georgia Kakheti
0%
City and reservoir in southern Ukraine Kakhovka
0%
Coastal city in Andhra Pradesh Kakinada
0%
City in the far north of that state Kalaburagi
0%
City in the Peloponnese Kalamata
0%
City in Diyala governorate Kalar
0%
City and province in Isan Kalasin
0%
City in northwestern Myanmar Kalaymyo
0%
Inland city in Western Australia Kalgoorlie
0%
City in central Poland Kalisz
0%
City and oblast in western Russia Kaluga
0%
Large satellite city of Mumbai Kalyan
0%
City in Sverdlovsk oblast Kamensk-Uralsky
0%
Neighbour city east of it Kami
0%
City in Ibaraki prefecture Kamisu
0%
City in southern Cambodia Kampot
0%
City in the Podolian region of Ukraine Kamyanets-Podilskyi
0%
City in Volgograd oblast Kamyshin
0%
Second most populated prefecture in Japan Kanagawa
0%
Largest city in Ishikawa prefecture Kanazawa
0%
City in central Ceylon Kandy
0%
Port in southern Iran Kangan
0%
Largest city in Perlis state Kangar
0%
Tallest mountain in India Kangchenjunga
0%
City in Chagang province Kanggye
0%
Province in southeastern North Korea Kangwon
0%
Another city in that state Kannur
0%
Region of Japan surrounding Osaka Kansai
0%
Region of Japan surrounding Tokyo Kanto
0%
City in southern Armenia Kapan
0%
City in southwestern Hungary Kaposvar
0%
Another republic in the North Caucasus Karachay-Cherkessia
0%
Major city west of Tehran Karaj
0%
City in western Jordan Karak
0%
Autonomous republic in western Uzbekistan Karakalpakstan
0%
City on the eastern shores of Issyk-Kul Karakol
0%
City in southern Turkey Karaman
0%
City in northern Xinjiang Karamay
0%
City to the east of Jakarta Karawang
0%
City and governorate in Iraq Karbala
0%
City in Thessaly Karditsa
0%
City in southern Bulgaria Kardzhali
0%
Town in northern Ladakh Kargil
0%
Another city in Telangana Karimnagar
0%
Another city in northern Haryana Karnal
0%
Large state in southern India Karnataka
0%
Coastal city in northern Western Australia Karratha
0%
City in northeastern Turkey Kars
0%
City in central Tamil Nadu Karur
0%
City just south of Goa Karwar
0%
Region in central Congo Kasai
0%
City in western Uganda Kasese
0%
Large city in central Iran Kashan
0%
Westernmost city in Xinjiang Kashgar
0%
Satellite city of Makhachkala Kaspiysk
0%
City in eastern Sudan Kassala
0%
City in western Tunisia Kasserine
0%
City in northern Turkey Kastamonu
0%
City in west Macedonia Kastoria
0%
Region in southeastern Congo Katanga
0%
City in central Macedonia Katerini
0%
Third largest city in the Northern Territory Katherine
0%
City east of Osaka Katsuragi
0%
City in southern North Macedonia Kavadarci
0%
Another city in east Macedonia Kavala
0%
Satellite city northwest of Tokyo Kawagoe
0%
State in eastern Myanmar Kayah
0%
State in eastern Myanmar Kayin
0%
City in central Turkey Kayseri
0%
Town in New Jersey Kearny
0%
Densely populated state in northwestern Malaysia Kedah
0%
City in east Java Kediri
0%
Port city in northern Taiwan Keelung
0%
Junction town in South Australia Keith
0%
State in which this city is located Kelantan
0%
City and oblast in Siberia Kemerovo
0%
City in southeastern Sulawesi Kendari
0%
City in eastern Shan state Keng Tung
0%
City north of Rabat Kenitra
0%
City on the southern tip of Florida Kennewick
0%
Town in northern Victoria Kerang
0%
City in northern Eritrea Keren
0%
City and province in southeastern Iran Kerman
0%
City and province in western Iran Kermanshah
0%
Another city in northwestern Turkey Kesan
0%
Satellite city of Tel Aviv Kfar Saba
0%
City and subdivision in eastern Russia Khabarovsk
0%
City in northern Azerbaijan Khachmaz
0%
Border city in eastern Saudi Arabia Khafji
0%
City in northern Sindh Khairpur
0%
Republic in Siberia Khakassia
0%
City in southwestern Saudi Arabia Khamis Mushait
0%
City in Telangana Khammam
0%
Another city in Diyala governorate Khanaqin
0%
City in southern Punjab Khanpur
0%
Tallest mountain in this country Khan Tengri
0%
Okrug in western Siberia Khanty-Mansi
0%
A major city in this okrug Khanty-Mansiysk
0%
City in Gaza Khan Yunis
0%
Satellite city of Donetsk Khartsyzk
0%
City on the tip of the Musandam peninsula Khasab
0%
Major city in Dagestan Khasavyurt
0%
Town in southwestern Afghanistan Khash
0%
City in central Georgia Khashuri
0%
City in northeastern Algeria Khenchela
0%
Another city in Moscow oblast Khimki
0%
City and oblast in western Ukraine Khmelnytskyi
0%
Satellite city of Dammam Khobar
0%
Non-Bantu groups in southern Africa Khoisan
0%
City in northwestern Libya Khoms
0%
City and province in Isan Khon Kaen
0%
Region in northeastern Iran Khorasan
0%
Largest city in Badakhshan Khorog
0%
Large city in western Iran Khorramabad
0%
Border city in the region Khorramshahr
0%
City in eastern Afghanistan Khost
0%
City in central Morocco Khouribga
0%
Lake and province in northern Mongolia Khovsgol
0%
City in southern Luhansk oblast Khrustalnyi
0%
Second largest city in Tajikistan Khujand
0%
City in southwestern Bangladesh Khulna
0%
City in northern Punjab Khushab
0%
City in Zakarpattia oblast Khust
0%
Second largest city in Balochistan Khuzdar
0%
Region in southwestern Iran Khuzestan
0%
State in northwestern Pakistan Khyber Pakhtunkhwa
0%
Town between Nairobi and Mombasa Kibwezi
0%
City in western North Macedonia Kichevo
0%
City in western Tanzania Kigoma
0%
Turkish border city with Syria Kilis
0%
City in central Macedonia Kilkis
0%
Town in southwestern Ireland Killarney
0%
Region of northern Western Australia Kimberley
0%
City in north Hamgyong province Kimchaek
0%
Tallest mountain in Malaysia Kinabalu
0%
City in Ivanovo oblast Kineshma
0%
Island in the Bass Strait King
0%
City in Leningrad oblast Kingisepp
0%
Military city in Saudi Arabia King Khaled
0%
Island belonging to Taiwan near the mainland Kinmen
0%
Another city in central Turkey Kirikkale
0%
City in northwestern Turkey Kirklareli
0%
City and oblast in northern Russia Kirov
0%
Russian name for the city Kirovohrad
0%
Another city in central Turkey Kirsehir
0%
Town in the far north of Israel Kiryat Shmona
0%
Tourist island in the Persian Gulf Kish
0%
City in the North Caucasus Kislovodsk
0%
City in southern Somalia Kismayo
0%
City on the eastern shores of Lake Victoria Kisumu
0%
City in Iwate prefecture Kitakami
0%
City in eastern Hokkaido Kitami
0%
Largest city in the Copperbelt Kitwe
0%
Lake in east Africa Kivu
0%
City in northern Dagestan Kizlyar
0%
Major port city of Malaysia Klang
0%
City in western Germany Kleve
0%
Another city in Moscow oblast Klin
0%
City in Bryansk oblast Klintsy
0%
Town in inland Dalmatia Knin
0%
City in southwestern Belarus Kobryn
0%
City in eastern North Macedonia Kochani
0%
City in northern West Bengal Koch Bihar
0%
Province in southern Iran Kohgiluyeh
0%
WW2 battle city in eastern India Kohima
0%
Coastal city in Cambodia Koh Kong
0%
City in eastern Estonia Kohtla-Jarve
0%
City on the western edge of the Fergana Valley Kokand
0%
City in western Finland Kokkola
0%
City located north of Astana Kokshetau
0%
City in northern Montenegro Kolasin
0%
City in southern Maharashtra Kolhapur
0%
Another city in that state Kollam
0%
City in Ivano-Frankivsk oblast Kolomiya
0%
City in Moscow oblast Kolomna
0%
Another city in Ishikawa prefecture Komatsu
0%
Republic in northern Russia Komi
0%
City in east Macedonia Komotini
0%
City in eastern Siberia Komsomolsk
0%
City in northern New Caledonia Kone
0%
City in central Poland Konin
0%
City in northern Ukraine Konotop
0%
City in the southern Vietnamese highlands Kon Tum
0%
Satellite city of Chelyabinsk Kopeysk
0%
City in northern Croatia Koprivnica
0%
City in eastern Albania Korce
0%
Region in southern Sudan Kordofan
0%
Major city in Fukushima prefecture Koriyama
0%
City in Zhytomyr oblast Korosten
0%
Belgian city within the Lille metropolitan area Kortrijk
0%
City and island in the Aegean Kos
0%
City and province in the north of that country Kostanay
0%
City in southern Sudan Kosti
0%
City and oblast in northern Russia Kostroma
0%
City west of Bakhmut Kostyantynivka
0%
City in northwestern Poland Koszalin
0%
Major city in Rajasthan Kota
0%
City in northern Malaysia Kota Bharu
0%
Largest city in Sabah Kota Kinabalu
0%
City in southeastern Finland Kotka
0%
City in Arkhangelsk oblast Kotlas
0%
City in Azad Kashmir Kotli
0%
City and bay in coastal Montenegro Kotor
0%
Another city in northern New Caledonia Koumac
0%
Another city in southeastern Finland Kouvola
0%
City in Volyn oblast Kovel
0%
Polish name for the city Kovno
0%
City in Vladimir oblast Kovrov
0%
Town in northern Iraq Koysinjaq
0%
City in west Macedonia Kozani
0%
Another city in that state Kozhikode
0%
City in Vinnytsia oblast Kozyatyn
0%
City and province in southern Thailand Krabi
0%
City in central Serbia Kragujevac
0%
Administrative division type in Russia Krai
0%
Capital of Bonaire Kralendijk
0%
Another city in central Serbia Kraljevo
0%
Major city in the Donbas Kramatorsk
0%
City in Moscow oblast Krasnogorsk
0%
City east of Poltava Krasnohrad
0%
Russian name for the city Krasnyi Luch
0%
Major city along the Dnieper Kremenchuk
0%
City in western Norway Kristiansund
0%
Greek name for Crete Kriti
0%
Russian name for the city Krivoy Rog
0%
Port city near St Petersburg Kronstadt
0%
City in the North Caucasus Kropotkin
0%
City and oblast in central Ukraine Kropyvnytskyi
0%
City in Subcarpathia Krosno
0%
City in southern Serbia Krusevac
0%
City in Mogilev oblast Krychaw
0%
Major city in Dnipropetrovsk oblast Kryvyi Rih
0%
City on the eastern coast of Malaysia Kuala Terengganu
0%
Another city on the eastern coast of Malaysia Kuantan
0%
River and region in which this subdivision encompasses Kuban
0%
City in western Xinjiang Kucha
0%
Largest city in Sarawak Kuching
0%
City in central Xinjiang Kuitun
0%
City in north Pyongan province Kujang
0%
City in northeastern Albania Kukes
0%
Town and resort mountain in North Korea Kumgang
0%
City in eastern Xinjiang Kumul
0%
City in north Russia Kungur
0%
City between Shanghai and Suzhou Kunshan
0%
Largest city in Timor Kupang
0%
City near the border of Luhansk oblast Kupyansk
0%
City along a reservoir in Donetsk oblast Kurakhove
0%
Second largest city in Tottori prefecture Kurayoshi
0%
City on Estonia's largest island Kuressaare
0%
City and oblast in western Siberia Kurgan
0%
City on Andhra Pradesh's border with Telangana Kurnool
0%
Port city in southeastern Hokkaido Kushiro
0%
City on the Tigris river in southern Iraq Kut
0%
City in western Turkey Kutahya
0%
Voivodeship in northern Poland Kuyavian-Pomeranian
0%
Region in western Congo Kwango
0%
City northwest of Melbourne Kyneton
0%
City in northern Cyprus Kyrenia
0%
City in southwestern Bulgaria Kyustendil
0%
Largest city in Tuva Kyzyl
0%
City and province in the south of that country Kyzylorda
0%
No matching quizzes found
Score Distribution
Percent of People with Each Score
Percentile by Number Answered
Your Score History
You have not taken this quiz